Property in 2005 - a legal perspective (Record no. 74899)
[ view plain ]
| 000 -LEADER | |
|---|---|
| fixed length control field | 01790cab a2200325 4500 |
| 001 - CONTROL NUMBER | |
| control field | ##ABS68862 |
| 008 - FIXED-LENGTH DATA ELEMENTS--GENERAL INFORMATION | |
| fixed length control field | 050310n2005 000 0 eng u |
| 035 ## - SYSTEM CONTROL NUMBER | |
| System control number | (Sirsi) u129017 |
| 041 0# - LANGUAGE CODE | |
| Language code of text/sound track or separate title | eng |
| 100 1# - MAIN ENTRY--PERSONAL NAME | |
| Personal name | McGreevy, G. |
| 245 00 - TITLE STATEMENT | |
| Title | Property in 2005 - a legal perspective |
| 260 ## - PUBLICATION, DISTRIBUTION, ETC. | |
| Date of publication, distribution, etc. | 2005 |
| 490 #0 - SERIES STATEMENT | |
| Series statement | Property Forecast |
| Volume/sequential designation | 8(2) February 2005, 8-10(3) |
| 520 ## - SUMMARY, ETC. | |
| Summary, etc. | Provides an overview of what legislative changes are expected in 2005. Subjects covered include: upwards-only rent reviews; the effect of the Planning and Compulsory Purchase Act 2004 on planning permission for mezzanine floors; underletting and reverse premiums; reasonable periods for consent and exemplary damages; no automatic release of landlords; contaminated land; REITs and property derivatives; changes to the use classes orders, rating revaluation and the Landlord and Tenant Act 1954; and the possible end of forfeiture. Ends with a final note on the uncertainty over Stamp Duty Land Tax (Disadvantaged Area Relief) which is due to expire on 31 December 2006. |
| 590 ## - LOCAL NOTE (RLIN) | |
| Local note | ABS |
| 650 24 - SUBJECT ADDED ENTRY--TOPICAL TERM | |
| Topical term or geographic name entry element | UPWARD ONLY RENT REVIEWS |
| 650 24 - SUBJECT ADDED ENTRY--TOPICAL TERM | |
| Topical term or geographic name entry element | PLANNING AND COMPULSORY PURCHASE ACT 2004 |
| 650 24 - SUBJECT ADDED ENTRY--TOPICAL TERM | |
| Topical term or geographic name entry element | LANDLORD AND TENANT ACT 1954 |
| 650 24 - SUBJECT ADDED ENTRY--TOPICAL TERM | |
| Topical term or geographic name entry element | EASTLEIGH BC V FIRST SOS AND ASDA STORES LTD |
| 650 24 - SUBJECT ADDED ENTRY--TOPICAL TERM | |
| Topical term or geographic name entry element | HOMEBASE LTD AND ANOTHER V ALLIED DUNBAR ASSURANCE PLC |
| 650 24 - SUBJECT ADDED ENTRY--TOPICAL TERM | |
| Topical term or geographic name entry element | NCR LTD V RIVERLAND PORTFOLIO NO 1 LTD |
| 650 24 - SUBJECT ADDED ENTRY--TOPICAL TERM | |
| Topical term or geographic name entry element | LAW OF DISTRESS AMENDMENT ACT 1908 |
| 650 24 - SUBJECT ADDED ENTRY--TOPICAL TERM | |
| Topical term or geographic name entry element | DESIGN PROGRESSION LTD V THURLOE PROPERTIES LTD |
| 650 24 - SUBJECT ADDED ENTRY--TOPICAL TERM | |
| Topical term or geographic name entry element | LONDON DIOCESAN FUND AND OTHERS V AVONRIDGE PROPERTY COMPANY LTD |
| 650 24 - SUBJECT ADDED ENTRY--TOPICAL TERM | |
| Topical term or geographic name entry element | LANDLORD AND TENANT (COVENANTS) ACT 1995 |
| 650 24 - SUBJECT ADDED ENTRY--TOPICAL TERM | |
| Topical term or geographic name entry element | CIRCULAR FACILITIES (LONDON) LTD V SEVENOAKS DC |
| 651 #4 - SUBJECT ADDED ENTRY--GEOGRAPHIC NAME | |
| Geographic name | England and Wales |
| Chronological subdivision | 1543- |
| 690 ## - LOCAL SUBJECT ADDED ENTRY--TOPICAL TERM (OCLC, RLIN) | |
| Topical term or geographic name as entry element | PROPERTY |
| 942 ## - ADDED ENTRY ELEMENTS (KOHA) | |
| Suppress in OPAC | 0 |
| Withdrawn status | Lost status | Source of classification or shelving scheme | Damaged status | Not for loan | Home library | Current library | Shelving location | Date acquired | Total Checkouts | Full call number | Barcode | Date last seen | Copy number | Price effective from | Koha item type |
|---|---|---|---|---|---|---|---|---|---|---|---|---|---|---|---|
| Dewey Decimal Classification | London | London | Journal article | 10/03/2005 | ABS68862 | 129017-1001 | 06/08/2019 | 1 | 06/08/2019 | Journal article |